| 000 | 00517cam a2200205ua 4500 | ||
|---|---|---|---|
| 001 | 7264 | ||
| 005 | 20260515114158.0 | ||
| 008 | 141222n ii |||gr||||Z||||||ben | ||
| 020 | _a817612723X | ||
| 040 | _cMAIN | ||
| 041 | _aben | ||
| 082 | _a891.443 | ||
| 100 |
_aSingh, D.B., _eEditor. |
||
| 245 |
_aBuddhadeb basur shrestha galpa _cEdited by Damoyanti Basu Singh |
||
| 250 | _a3rd. | ||
| 260 |
_aKolkatta: _bDey, _c2008. |
||
| 300 | _a272p. | ||
| 653 | _aEast Indo-European & Celtic literatures | ||
| 942 | _cBK | ||
| 999 |
_c6384 _d6384 |
||